Library Banner

Interpretation of statutes / (Record no. 96406)

MARC details
000 -LEADER
fixed length control field 00393nam a22001457a 4500
005 - DATE AND TIME OF LATEST TRANSACTION
control field 20170804112331.0
008 - FIXED-LENGTH DATA ELEMENTS--GENERAL INFORMATION
fixed length control field 170804b xxu||||| |||| 00| 0 eng d
040 ## - CATALOGING SOURCE
Transcribing agency PK-LaUMT
082 ## - DEWEY DECIMAL CLASSIFICATION NUMBER
Classification number 348.5491022
Item number NAV-I
100 ## - MAIN ENTRY--PERSONAL NAME
Personal name Naveed Abbas, Syed
245 ## - TITLE STATEMENT
Title Interpretation of statutes /
Statement of responsibility, etc Syed Naveed Abbas
260 ## - PUBLICATION, DISTRIBUTION, ETC. (IMPRINT)
Place of publication, distribution, etc Lahore :
Name of publisher, distributor, etc Punjab Law Book House,
Date of publication, distribution, etc 2017
300 ## - PHYSICAL DESCRIPTION
Extent 150 p.
942 ## - ADDED ENTRY ELEMENTS (KOHA)
Koha item type Books
Holdings
Withdrawn status Lost status Damaged status Home library Current library Date acquired Full call number Barcode Date last seen Price effective from Koha item type
      UMT Main Campus UMT Main Campus 2017-08-04 348.5491022 NAV-I 111885 2018-02-09 2017-08-04 Books